000 00383nam a2200157Ia 4500
008 230917s9999||||xx |||||||||||||| ||und||
040 _e137760
_aMAIN
041 _aEnglish
082 _a346.096 A92N(4)
100 _aAvtar Singh
245 0 _aNegotiable instruments
250 _a4th ed.
260 _aLucknow
_bEastern Book Co
_c2005
300 _alxvii, 523p p.
942 _cBK
999 _c140389
_d140389